Contributi romanistici al sistema della responsabilità extracontrattuale

-д хадгалсан:
Номзүйн дэлгэрэнгүй
Үндсэн зохиолч: Schipani, Sandro (Зохиогч)
Формат: Ном
Хэл сонгох:итали
Хэвлэсэн: Turín G. Giappichelli 2009
Цуврал:Studi su Origine ed Attualità del Sistema Romano, 4
Нөхцлүүд:
Шошгууд: Шошго нэмэх
Шошго байхгүй, Энэхүү баримтыг шошголох эхний хүн болох!

MARC

LEADER 00000cam a2200000 a 4500
001 UCG8718
003 CL-VaPUC
008 111229e20090000IT |||||||||||||||||ita|d
020 |a 9788834886847 
082 0 4 |a 340.54  |b SCH  |2 21 
100 0 |a Schipani, Sandro  |e author  |9 559838 
245 1 0 |a Contributi romanistici al sistema della responsabilità extracontrattuale 
300 |a 157 p 
942 |c BK 
945 |d 20111229 00:00:00  |a cmena 
260 |a Turín  |b G. Giappichelli  |c 2009 
650 0 |a Derecho romano  |9 255930 
650 0 |a Contratos  |9 255153 
650 0 |a Responsabilidad extracontractual  |9 336742 
583 |a last modification  |c 20111229 10:48:00  |k Rodrigo Vera 
490 0 |a Studi su Origine ed Attualità del Sistema Romano, 4 
999 |c 346316  |d 346314 
952 |0 0  |1 0  |4 0  |6 340_540000000000000_SCH_2009  |7 0  |8 DER_HIS  |9 446973  |a BIBDER  |b BIBDER  |d 2019-11-22  |i 4818326  |o 340.54 SCH 2009  |p 4818326  |r 2023-01-25  |w 2019-11-22  |x Ubicación 4to Piso  |y BK  |z Estos recursos deben solicitarse con anticipación  |k DER